| 000 | 01195nam a22003377a 4500 | ||
|---|---|---|---|
| 003 | CHAP | ||
| 005 | 20240919133433.0 | ||
| 008 | 080603s2007 mx a r 00010 spa d | ||
| 010 | _a94875 | ||
| 011 | _a95847 | ||
| 020 | _a9789680203772 | ||
| 035 | _a106478 | ||
| 040 | _cCHAP | ||
| 082 | 0 | 4 |
_a634 _bN55 |
| 100 | 1 | 0 |
_aNieto Ángel, Raúl _eed. _981253 |
| 245 | 1 | 0 |
_aFrutales nativos, un recurso fitogenético de México _c/editado por Raúl Nieto Ángel |
| 260 |
_aChapingo, Méx. : _bUACH, _c2007 |
||
| 300 |
_a270 p. : _bilus. |
||
| 590 |
_aBATCH-UPD _b10 _c20130110 _lUCH01 _h1210 |
||
| 590 |
_aBATCH-UPD _b10 _c20130410 _lUCH01 _h0749 |
||
| 590 |
_aBATCH-UPD _b10 _c20130914 _lUCH01 _h1445 |
||
| 590 |
_aCONVERSION _b10 _c20130109 _lUCH01 _h1352 |
||
| 650 | 1 | 4 |
_aFruta _xFisiología y morfología. _943618 |
| 650 | 1 | 4 |
_aFruticultura. _943684 |
| 650 | 1 | 4 |
_aRecursos genéticos vegetales. _995086 |
| 901 | _aBK | ||
| 942 | _cLIBRO | ||
| 949 |
_a634 N55 _bBC _cLIBRO _d33724002060413 _eLIBRO _gDonacion _h109577 _i106478 _si |
||
| 949 |
_a634 N55 _bBC _cLIBRO _d33724002174157 _eLIBRO _fc.3 _gI.c/e _h112840 _i106478 _si |
||
| 949 |
_a634 N55 _bBC _cUACH _d33724002052173 _eUACH _fc.2 _gDonacion _h111785 _i106478 _sb |
||
| 999 |
_c94875 _d94875 |
||